Central Library OPAC University of Rajshahi

Mountains in colour / (Record no. 75095)

MARC details
000 -LEADER
fixed length control field 00846nam a2200265 a 4500
001 - CONTROL NUMBER
control field 75095
003 - CONTROL NUMBER IDENTIFIER
rucl marc code BD-RjUL
005 - DATE AND TIME OF LATEST TRANSACTION
control field 20211209082637.0
008 - FIXED-LENGTH DATA ELEMENTS--GENERAL INFORMATION
fixed length control field 760120s1949 enka 000 0 eng
035 ## - SYSTEM CONTROL NUMBER
System control number (BD-RjUL)75313
System control number (OCoLC)1937413
040 ## - CATALOGING SOURCE
Original cataloging agency DLC
Transcribing agency CtY
Modifying agency DLC
-- BD-RjUL
Language of cataloging eng
041 ## - LANGUAGE CODE
Language code of text/sound track or separate title eng
042 ## - AUTHENTICATION CODE
Authentication code premarc
082 ## - DEWEY DECIMAL CLASSIFICATION NUMBER
Edition number 23
Classification number 796.522
Author mark and year SMM 1949
100 1# - MAIN ENTRY--PERSONAL NAME
Personal name Smythe, F. S.
Fuller form of name (Francis Sydney),
Dates associated with a name 1900-1949.
9 (RLIN) 227156
245 10 - TITLE STATEMENT
Title Mountains in colour /
Statement of responsibility, etc. F. S. Smythe; With 57 colour photos. by the author.
260 ## - PUBLICATION, DISTRIBUTION, ETC. (IMPRINT)
Place of publication, distribution, etc. London :
Name of publisher, distributor, etc. Parrish,
Date of publication, distribution, etc. 1949
300 ## - PHYSICAL DESCRIPTION
Pagination 155 p. :
Illustrations col. illus.
Size 29 cm.
500 ## - GENERAL NOTE
General note American ed. (New York, Chanticleer Press) has title : Behold the mountains.
650 #0 - SUBJECT ADDED ENTRY--TOPICAL TERM
Topical term or geographic name as entry element Mountaineering
Form subdivision Pictorial works.
9 (RLIN) 227157
942 ## - ADDED ENTRY ELEMENTS (KOHA)
Source of classification or shelving scheme Dewey Decimal Classification
Koha item type Books
Holdings
Lost status Source of classification or shelving scheme Damaged status Not for loan Collection code Permanent Location Current Location Shelving location Date acquired Source of acquisition Cost, normal purchase price Total Checkouts Full call number Date last seen Copy number Koha item type
  Dewey Decimal Classification   Not For Loan Non-fiction Central Library, University of Rajshahi Central Library, University of Rajshahi   22/02/1956 O.B.A. Stationary 20.50   796.522 SMM 1949 20/01/2019 C-1 Books